000
00299nam a2200109Ia 4500
008
230907s9999||||xx |||||||||||||| ||und||
082
_a
621.31042
_b
ANA
100
_a
Krause, Paul C.
_9
115302
245
0
_a
Analysis of electric machinery and drive systems /
300
_a
xiv, 659 pages:
942
_c
BK
999
_c
598053
_d
598053